[Event "World Chess Olympiad 2018"]
[Site "Batumi"]
[Date "2018.10.03"]
[Round "9"]
[Board "2"]
[WhiteFideId "6001890"]
[White "Pang Yui Kuen"]
[BlackFideId "11200235"]
[Black "Ayyad Maher"]
[Result "0-1"]
[LiveChessVersion "1.4.8"]
[BlackElo "2106"]
[WhiteElo "1981"]

1. e3 {[%clk 1:30:54]} d5 {[%clk 1:30:53]} 2. b3 {[%clk 1:31:09]} Nf6
{[%clk 1:31:13]} 3. Bb2 {[%clk 1:31:33]} e6 {[%clk 1:31:37]} 4. Nf3
{[%clk 1:31:46]} c6 {[%clk 1:32:00]} 5. c4 {[%clk 1:32:03]} Nbd7 {[%clk 1:32:25]}
6. Be2 {[%clk 1:32:02]} Bd6 {[%clk 1:32:49]} 7. d4 {[%clk 1:32:18]} O-O
{[%clk 1:33:13]} 8. O-O {[%clk 1:32:44]} Re8 {[%clk 1:33:31]} 9. Nc3
{[%clk 1:31:27]} dxc4 {[%clk 1:30:11]} 10. bxc4 {[%clk 1:25:33]} e5
{[%clk 1:30:18]} 11. Qc2 {[%clk 1:23:54]} exd4 {[%clk 1:30:36]} 12. exd4
{[%clk 1:23:52]} Bc7 {[%clk 1:30:44]} 13. Rfe1 {[%clk 1:21:27]} Nb6
{[%clk 1:30:57]} 14. Bd3 {[%clk 1:16:05]} Rxe1+ {[%clk 1:21:33]} 15. Rxe1
{[%clk 1:16:29]} Be6 {[%clk 1:21:58]} 16. Qe2 Qf8 {[%clk 1:07:45]} 17. Ne4
{[%clk 0:50:26]} Nbd7 {[%clk 1:06:43]} 18. d5 {[%clk 0:34:54]} cxd5
{[%clk 1:06:41]} 19. Nxf6+ {[%clk 0:35:16]} Nxf6 {[%clk 1:06:54]} 20. Bxf6
{[%clk 0:35:39]} gxf6 {[%clk 1:07:07]} 21. Nd4 {[%clk 0:35:47]} Qh6
{[%clk 1:06:33]} 22. h3 {[%clk 0:33:15]} Qf4 {[%clk 1:05:36]} 23. Qh5
{[%clk 0:30:47]} Qxd4 {[%clk 1:03:28]} 24. Qxh7+ {[%clk 0:17:26]} Kf8
{[%clk 1:03:50]} 25. cxd5 {[%clk 0:16:53]} Bb6 {[%clk 0:54:16]} 26. Re2
{[%clk 0:09:33]} Qxd5 {[%clk 0:54:00]} 27. Qh8+ {[%clk 0:09:18]} Ke7
{[%clk 0:54:15]} 28. Qxa8 {[%clk 0:09:41]} Qxd3 {[%clk 0:54:35]} 29. Qxb7+
{[%clk 0:10:04]} Kf8 {[%clk 0:51:47]} 30. Re1 {[%clk 0:06:50]} Qd2
{[%clk 0:48:02]} 31. Qb8+ {[%clk 0:06:55]} Kg7 {[%clk 0:47:36]} 32. Qg3+
{[%clk 0:07:17]} Qg5 {[%clk 0:47:55]} 33. Qxg5+ {[%clk 0:04:34]} fxg5
{[%clk 0:48:19]} 34. a4 {[%clk 0:04:57]} Kf6 {[%clk 0:48:02]} 35. Ra1
{[%clk 0:05:03]} a5 {[%clk 0:48:26]} 36. Rc1 {[%clk 0:04:52]} Ke5
{[%clk 0:48:31]} 37. Rb1 {[%clk 0:04:12]} Bd8 {[%clk 0:46:54]} 38. Rb8
{[%clk 0:04:07]} Bc7 {[%clk 0:47:08]} 39. Rb5+ {[%clk 0:04:05]} Kf6
{[%clk 0:46:01]} 40. Rb7 {[%clk 0:33:27]} Bd8 {[%clk 1:16:21]} 41. f4
{[%clk 0:32:26]} gxf4 {[%clk 1:16:15]} 42. Kf2 {[%clk 0:31:43]} f3
{[%clk 1:16:19]} 43. Rb8 {[%clk 0:31:45]} Bc7 {[%clk 1:16:30]} 44. Rb7
{[%clk 0:31:47]} Be5 {[%clk 1:16:32]} 45. gxf3 {[%clk 0:23:53]} Bxh3
{[%clk 1:13:11]} 46. Ke3 {[%clk 0:24:15]} Bd6 {[%clk 1:12:53]} 47. Rb6
{[%clk 0:24:07]} Ke7 {[%clk 1:13:15]} 48. Ke4 {[%clk 0:19:39]} Bd7
{[%clk 1:13:30]} 49. Ra6 {[%clk 0:15:29]} Bc7 {[%clk 1:13:06]} 50. Ra7
{[%clk 0:15:24]} Kd6 {[%clk 1:13:23]} 51. Ra6+ {[%clk 0:15:19]} Kc5
{[%clk 1:13:20]} 52. Rf6 {[%clk 0:15:20]} Be6 {[%clk 1:13:04]} 53. f4
{[%clk 0:11:52]} Kb4 {[%clk 1:13:09]} 54. f5 {[%clk 0:10:42]} Bb3
{[%clk 1:13:09]} 55. Rc6 {[%clk 0:10:40]} Bh2 {[%clk 1:13:08]} 56. Rh6
{[%clk 0:09:37]} Bg1 {[%clk 1:13:12]} 57. Rh1 {[%clk 0:08:33]} Bc5
{[%clk 1:13:35]} 0-1

[Event "World Chess Olympiad 2018"]
[Site "Batumi"]
[Date "2018.10.03"]
[Round "9"]
[Board "3"]
[WhiteFideId "11200057"]
[White "Al-Ghasra Ali"]
[BlackFideId "6002552"]
[Black "Ho In Hei Henry"]
[Result "0-1"]
[LiveChessVersion "1.4.8"]
[BlackElo "1797"]
[WhiteElo "2096"]

1. d4 {[%clk 1:30:55]} d5 {[%clk 1:30:55]} 2. c4 {[%clk 1:31:12]} Nc6
{[%clk 1:31:19]} 3. Nc3 {[%clk 1:31:02]} dxc4 {[%clk 1:31:39]} 4. d5
{[%clk 1:31:19]} Ne5 {[%clk 1:32:03]} 5. e4 {[%clk 1:31:12]} e6 {[%clk 1:27:13]}
6. Bxc4 {[%clk 1:27:41]} Nxc4 {[%clk 1:26:03]} 7. Qa4+ {[%clk 1:28:01]} Qd7
{[%clk 1:23:36]} 8. Qxc4 {[%clk 1:28:16]} exd5 {[%clk 1:23:46]} 9. Nxd5
{[%clk 1:26:19]} c6 {[%clk 1:21:08]} 10. Nc3 {[%clk 1:26:17]} Qg4
{[%clk 1:20:32]} 11. g3 {[%clk 1:22:47]} Bd6 {[%clk 1:15:23]} 12. Qe2
{[%clk 1:18:03]} Ne7 {[%clk 1:13:34]} 13. Qxg4 {[%clk 1:11:45]} Bxg4
{[%clk 1:14:00]} 14. f3 {[%clk 1:12:03]} Be6 {[%clk 1:13:10]} 15. Be3
{[%clk 1:12:12]} O-O {[%clk 1:10:58]} 16. Rd1 {[%clk 1:02:33]} Bb4
{[%clk 1:07:10]} 17. a3 {[%clk 1:01:05]} Ba5 {[%clk 1:06:22]} 18. Nge2
{[%clk 1:01:29]} f5 {[%clk 0:57:09]} 19. Bc5 {[%clk 0:54:00]} Rfe8
{[%clk 0:54:51]} 20. Nd4 {[%clk 0:53:58]} Bc8 {[%clk 0:54:19]} 21. O-O
{[%clk 0:50:02]} Bxc3 {[%clk 0:53:18]} 22. bxc3 {[%clk 0:50:30]} fxe4
{[%clk 0:53:47]} 23. fxe4 {[%clk 0:50:40]} Bh3 {[%clk 0:52:15]} 24. Rfe1
{[%clk 0:50:49]} Ng6 {[%clk 0:46:51]} 25. Bd6 {[%clk 0:46:10]} Ne5
{[%clk 0:43:07]} 26. Bxe5 {[%clk 0:45:58]} Rxe5 {[%clk 0:43:35]} 27. Rb1
{[%clk 0:45:42]} c5 {[%clk 0:33:58]} 28. Nf3 {[%clk 0:43:22]} Re7
{[%clk 0:34:10]} 29. Re3 {[%clk 0:35:50]} h6 {[%clk 0:32:47]} 30. Rbe1
{[%clk 0:26:54]} Rae8 {[%clk 0:29:51]} 31. Nd2 {[%clk 0:26:50]} Be6
{[%clk 0:25:05]} 32. Rf1 {[%clk 0:23:14]} b5 {[%clk 0:24:38]} 33. Rb1
{[%clk 0:23:04]} a6 {[%clk 0:24:39]} 34. Rb2 {[%clk 0:21:28]} Bd5
{[%clk 0:12:22]} 35. Rb1 {[%clk 0:21:07]} Rd8 {[%clk 0:10:50]} 36. Rbe1
{[%clk 0:20:56]} Be6 {[%clk 0:11:08]} 37. Nf3 {[%clk 0:17:07]} Bg4
{[%clk 0:11:28]} 38. Kg2 {[%clk 0:15:16]} Rf7 {[%clk 0:08:39]} 39. Rf1
{[%clk 0:08:11]} Bxf3+ {[%clk 0:08:11]} 40. Rexf3 {[%clk 0:38:27]} Rd2+
{[%clk 0:38:22]} 41. R1f2 {[%clk 0:37:37]} Rxf3 {[%clk 0:38:10]} 42. Kxf3
{[%clk 0:38:05]} Rxf2+ {[%clk 0:35:32]} 43. Kxf2 {[%clk 0:38:33]} Kf7
{[%clk 0:35:54]} 44. Ke3 {[%clk 0:32:46]} a5 {[%clk 0:36:08]} 45. Kd3
{[%clk 0:30:52]} Ke6 {[%clk 0:36:32]} 46. Ke3 {[%clk 0:23:59]} Ke5
{[%clk 0:35:54]} 47. Kd3 {[%clk 0:24:16]} h5 {[%clk 0:36:07]} 48. Ke3
{[%clk 0:24:25]} g5 {[%clk 0:36:07]} 49. Kd3 {[%clk 0:21:31]} h4 {[%clk 0:36:21]}
50. gxh4 {[%clk 0:18:59]} gxh4 {[%clk 0:36:50]} 51. Ke3 {[%clk 0:19:20]} b4
{[%clk 0:36:21]} 52. cxb4 {[%clk 0:19:28]} cxb4 {[%clk 0:36:43]} 53. axb4
{[%clk 0:19:22]} axb4 {[%clk 0:37:11]} 54. h3 {[%clk 0:07:20]} b3
{[%clk 0:37:25]} 55. Kd3 {[%clk 0:07:39]} b2 {[%clk 0:37:50]} 56. Kc2
{[%clk 0:07:57]} Kxe4 {[%clk 0:38:10]} 57. Kxb2 {[%clk 0:08:24]} Kf3
{[%clk 0:38:26]} 58. Kc2 {[%clk 0:08:09]} Kg2 {[%clk 0:38:55]} 59. Kd2
{[%clk 0:08:08]} Kxh3 {[%clk 0:39:23]} 60. Ke2 {[%clk 0:08:30]} Kg2
{[%clk 0:39:51]} 0-1

[Event "World Chess Olympiad 2018"]
[Site "Batumi"]
[Date "2018.10.03"]
[Round "9"]
[Board "4"]
[WhiteFideId "6000436"]
[White "Lai Robin"]
[BlackFideId "11200596"]
[Black "Bukhalaf Khalil"]
[Result "0-1"]
[LiveChessVersion "1.4.8"]
[BlackElo "1914"]
[WhiteElo "1863"]

1. Nf3 {[%clk 1:30:57]} d5 {[%clk 1:30:48]} 2. g3 {[%clk 1:31:25]} Nf6
{[%clk 1:31:15]} 3. Bg2 {[%clk 1:31:11]} e6 {[%clk 1:31:25]} 4. c4
{[%clk 1:30:28]} c6 {[%clk 1:31:34]} 5. O-O {[%clk 1:29:16]} Nbd7
{[%clk 1:31:11]} 6. d4 {[%clk 1:29:02]} Be7 {[%clk 1:30:42]} 7. Qb3
{[%clk 1:28:30]} O-O {[%clk 1:10:43]} 8. Nc3 {[%clk 1:28:06]} a5 {[%clk 0:58:31]}
9. c5 {[%clk 1:01:33]} b6 {[%clk 0:44:56]} 10. cxb6 {[%clk 0:51:27]} Qxb6
{[%clk 0:40:56]} 11. Qxb6 {[%clk 0:43:50]} Nxb6 {[%clk 0:41:17]} 12. Ne5
{[%clk 0:43:50]} Bb7 {[%clk 0:36:52]} 13. Be3 {[%clk 0:42:45]} Rfc8
{[%clk 0:35:43]} 14. Rfc1 {[%clk 0:42:44]} c5 {[%clk 0:29:12]} 15. Nb5
{[%clk 0:36:54]} c4 {[%clk 0:24:06]} 16. b3 {[%clk 0:36:47]} Ba6 {[%clk 0:18:43]}
17. bxc4 {[%clk 0:15:05]} Nxc4 {[%clk 0:18:33]} 18. a4 {[%clk 0:06:16]} Rab8
{[%clk 0:10:21]} 19. Na7 {[%clk 0:05:19]} Rc7 {[%clk 0:05:05]} 20. Nac6
{[%clk 0:05:21]} Rbc8 {[%clk 0:05:24]} 21. Nxe7+ {[%clk 0:05:00]} Rxe7
{[%clk 0:05:43]} 22. Bg5 {[%clk 0:03:48]} Rec7 {[%clk 0:04:29]} 23. Nd3
{[%clk 0:03:05]} Nd7 {[%clk 0:02:32]} 24. Bf4 {[%clk 0:02:24]} Rb7
{[%clk 0:03:01]} 25. Ra2 {[%clk 0:01:10]} h6 {[%clk 0:03:07]} 26. h4
{[%clk 0:01:25]} Rb3 {[%clk 0:01:45]} 27. Bf3 {[%clk 0:01:15]} Kf8
{[%clk 0:01:18]} 28. Nc5 {[%clk 0:01:01]} Nxc5 {[%clk 0:01:22]} 29. dxc5
{[%clk 0:01:29]} Ke8 {[%clk 0:01:33]} 30. Kg2 {[%clk 0:01:01]} Rxc5
{[%clk 0:01:07]} 31. e4 {[%clk 0:01:14]} d4 {[%clk 0:00:38]} 32. g4
{[%clk 0:00:48]} e5 {[%clk 0:00:50]} 33. Bg3 {[%clk 0:00:48]} d3 {[%clk 0:00:35]}
34. g5 {[%clk 0:00:47]} hxg5 {[%clk 0:00:57]} 35. hxg5 {[%clk 0:01:15]} Rc6
{[%clk 0:00:40]} 36. Rh1 {[%clk 0:01:19]} d2 {[%clk 0:00:32]} 37. Be2
{[%clk 0:01:04]} Rd6 {[%clk 0:00:39]} 38. Rc2 {[%clk 0:00:48]} Ne3+
{[%clk 0:00:50]} 39. fxe3 {[%clk 0:01:03]} Bxe2 {[%clk 0:01:17]} 40. Bxe5
{[%clk 0:30:42]} d1=Q {[%clk 0:31:07]} 41. Rc7 {[%clk 0:11:58]} Bf3+
{[%clk 0:30:58]} 0-1

[Event "World Chess Olympiad 2018"]
[Site "Batumi"]
[Date "2018.10.03"]
[Round "9"]
[Board "1"]
[WhiteFideId "15700356"]
[White "Altaye Girum Teklewold"]
[BlackFideId "11101644"]
[Black "Husbands Orlando"]
[Result "0-1"]
[LiveChessVersion "1.4.8"]
[BlackElo "2262"]
[WhiteElo "1986"]

1. e4 {[%clk 1:30:50]} c5 {[%clk 1:30:58]} 2. Nf3 {[%clk 1:31:10]} Nc6
{[%clk 1:31:21]} 3. d4 {[%clk 1:31:26]} cxd4 {[%clk 1:31:48]} 4. Nxd4
{[%clk 1:31:45]} g6 {[%clk 1:32:14]} 5. c4 {[%clk 1:31:22]} Bg7 {[%clk 1:32:42]}
6. Be3 {[%clk 1:31:20]} Nf6 {[%clk 1:33:09]} 7. Nc3 {[%clk 1:31:31]} d6
{[%clk 1:32:48]} 8. Be2 {[%clk 1:31:42]} O-O {[%clk 1:33:15]} 9. O-O
{[%clk 1:31:51]} Bd7 {[%clk 1:33:25]} 10. Qd2 {[%clk 1:31:54]} Nxd4
{[%clk 1:33:35]} 11. Bxd4 {[%clk 1:31:58]} Bc6 {[%clk 1:34:03]} 12. Bd3
{[%clk 1:32:02]} Qa5 {[%clk 1:28:42]} 13. Rad1 {[%clk 1:32:10]} Rfe8
{[%clk 1:20:06]} 14. b3 {[%clk 1:31:26]} Nd7 {[%clk 1:12:39]} 15. Bxg7
{[%clk 1:31:32]} Kxg7 {[%clk 1:13:07]} 16. Bb1 {[%clk 1:31:39]} a6
{[%clk 1:11:56]} 17. f4 {[%clk 1:21:45]} b5 {[%clk 1:10:44]} 18. cxb5
{[%clk 1:20:15]} axb5 {[%clk 1:11:12]} 19. f5 {[%clk 1:18:56]} Nf6
{[%clk 1:08:14]} 20. Qb2 {[%clk 1:14:45]} Rec8 {[%clk 0:55:36]} 21. Nd5
{[%clk 1:03:04]} Bxd5 {[%clk 0:51:55]} 22. Rxd5 {[%clk 1:02:46]} Qb6+
{[%clk 0:40:11]} 23. Kh1 {[%clk 1:00:32]} Rc5 {[%clk 0:32:55]} 24. Rxc5
{[%clk 0:58:44]} Qxc5 {[%clk 0:33:22]} 25. h3 {[%clk 0:58:19]} Rc8
{[%clk 0:33:19]} 26. fxg6 {[%clk 0:55:24]} hxg6 {[%clk 0:33:19]} 27. Bd3
{[%clk 0:52:47]} Qg5 {[%clk 0:27:29]} 28. e5 {[%clk 0:49:09]} dxe5
{[%clk 0:27:06]} 29. Bxb5 {[%clk 0:48:34]} Ne4 {[%clk 0:21:10]} 30. Re1
{[%clk 0:46:16]} Qf4 {[%clk 0:18:48]} 31. a4 {[%clk 0:40:22]} Rd8
{[%clk 0:17:41]} 32. Qc1 {[%clk 0:32:55]} Nf2+ {[%clk 0:15:33]} 33. Kg1
{[%clk 0:32:54]} Rd2 {[%clk 0:14:07]} 34. Qxd2 {[%clk 0:28:48]} Qxd2
{[%clk 0:13:19]} 35. Re2 {[%clk 0:29:08]} Nxh3+ {[%clk 0:13:33]} 36. gxh3
{[%clk 0:28:35]} Qd1+ {[%clk 0:13:58]} 37. Kg2 {[%clk 0:28:37]} Qd5+
{[%clk 0:14:08]} 38. Kh2 {[%clk 0:28:37]} Qxb3 {[%clk 0:14:07]} 39. Rxe5
{[%clk 0:28:38]} Qb4 {[%clk 0:13:08]} 40. Re2 {[%clk 0:58:47]} e5
{[%clk 0:43:24]} 41. Kg2 {[%clk 0:58:07]} e4 {[%clk 0:40:08]} 42. Kg3
{[%clk 0:56:53]} f5 {[%clk 0:40:28]} 43. Kf4 {[%clk 0:54:27]} Qc3
{[%clk 0:39:31]} 44. h4 {[%clk 0:53:43]} Kf6 {[%clk 0:39:39]} 45. Rf2
{[%clk 0:53:25]} Qb3 {[%clk 0:38:39]} 46. Rf1 {[%clk 0:53:36]} Qh3
{[%clk 0:38:28]} 47. a5 {[%clk 0:49:24]} Qxh4+ {[%clk 0:37:07]} 48. Ke3
{[%clk 0:49:43]} Ke5 {[%clk 0:36:53]} 49. a6 {[%clk 0:49:13]} Qg3+
{[%clk 0:37:22]} 50. Kd2 {[%clk 0:49:14]} Qb3 {[%clk 0:37:32]} 51. Be2
{[%clk 0:47:22]} Qb2+ {[%clk 0:37:07]} 52. Ke1 {[%clk 0:47:09]} e3
{[%clk 0:37:19]} 53. Rf3 {[%clk 0:47:23]} Qc1+ {[%clk 0:37:38]} 54. Bd1
{[%clk 0:47:36]} Qd2+ {[%clk 0:38:06]} 55. Kf1 {[%clk 0:47:57]} Qxd1+
{[%clk 0:38:32]} 56. Kg2 {[%clk 0:48:20]} Qe2+ {[%clk 0:38:34]} 57. Kg3
{[%clk 0:48:35]} f4+ {[%clk 0:38:51]} 58. Rxf4 {[%clk 0:48:08]} Qe1+
{[%clk 0:39:19]} 59. Kg4 {[%clk 0:48:23]} Qg1+ {[%clk 0:39:40]} 0-1

[Event "World Chess Olympiad 2018"]
[Site "Batumi"]
[Date "2018.10.03"]
[Round "9"]
[Board "2"]
[WhiteFideId "11100400"]
[White "Del Castilho Martyn"]
[BlackFideId "15700739"]
[Black "Ghebrehiwet Haftom Ghebremedhn"]
[Result "1-0"]
[LiveChessVersion "1.4.8"]
[BlackElo "1979"]
[WhiteElo "2250"]

1. e4 {[%clk 1:30:58]} c5 {[%clk 1:30:56]} 2. Nf3 {[%clk 1:31:24]} Nc6
{[%clk 1:31:23]} 3. d4 {[%clk 1:31:46]} cxd4 {[%clk 1:31:49]} 4. Nxd4
{[%clk 1:32:10]} g6 {[%clk 1:32:16]} 5. Nc3 {[%clk 1:32:31]} Bg7 {[%clk 1:32:41]}
6. Be3 {[%clk 1:32:56]} Nf6 {[%clk 1:33:05]} 7. Bc4 {[%clk 1:33:14]} O-O
{[%clk 1:33:30]} 8. Bb3 {[%clk 1:33:32]} d6 {[%clk 1:33:50]} 9. f3
{[%clk 1:33:49]} Na5 {[%clk 1:33:55]} 10. Qd2 {[%clk 1:33:47]} Bd7
{[%clk 1:34:08]} 11. g4 {[%clk 1:33:41]} Rc8 {[%clk 1:33:18]} 12. O-O-O
{[%clk 1:33:00]} Nxb3+ {[%clk 1:33:41]} 13. cxb3 {[%clk 1:32:32]} b5
{[%clk 1:12:43]} 14. Kb1 {[%clk 1:32:56]} b4 {[%clk 1:12:50]} 15. Nd5
{[%clk 1:28:39]} Nxd5 {[%clk 1:13:19]} 16. exd5 {[%clk 1:28:57]} a5
{[%clk 1:13:29]} 17. Bh6 {[%clk 1:20:57]} f6 {[%clk 1:07:27]} 18. Bxg7
{[%clk 1:13:17]} Kxg7 {[%clk 1:07:52]} 19. h4 {[%clk 1:13:30]} Qb6
{[%clk 1:03:03]} 20. h5 {[%clk 1:11:34]} g5 {[%clk 1:03:08]} 21. Qe3
{[%clk 1:08:53]} Qd8 {[%clk 1:03:28]} 22. Rc1 {[%clk 0:52:17]} Rf7
{[%clk 1:03:01]} 23. Ne6+ {[%clk 0:45:06]} Bxe6 {[%clk 1:03:17]} 24. Qxe6
{[%clk 0:45:28]} Rc5 {[%clk 0:58:06]} 25. Rxc5 {[%clk 0:42:40]} dxc5
{[%clk 0:58:31]} 26. Rc1 {[%clk 0:37:09]} Qd6 {[%clk 0:58:42]} 27. h6+
{[%clk 0:31:11]} Kg6 {[%clk 0:55:57]} 28. Qf5+ {[%clk 0:31:34]} Kxh6
{[%clk 0:56:14]} 29. Rh1+ {[%clk 0:31:59]} Kg7 {[%clk 0:56:19]} 30. Qxh7+
{[%clk 0:32:22]} 1-0

[Event "World Chess Olympiad 2018"]
[Site "Batumi"]
[Date "2018.10.03"]
[Round "9"]
[Board "3"]
[WhiteFideId "15702391"]
[White "Tilahun Abel Mathewos"]
[BlackFideId "11100516"]
[Black "Blackman Justin"]
[Result "0-1"]
[LiveChessVersion "1.4.8"]
[BlackElo "2158"]
[WhiteElo "2015"]

1. d4 {[%clk 1:30:42]} Nf6 {[%clk 1:30:56]} 2. c4 {[%clk 1:30:49]} e6
{[%clk 1:31:19]} 3. Nf3 {[%clk 1:31:14]} b6 {[%clk 1:31:45]} 4. Nc3
{[%clk 1:31:33]} Bb4 {[%clk 1:32:08]} 5. Qb3 {[%clk 1:30:37]} c5 {[%clk 1:31:53]}
6. dxc5 {[%clk 1:30:02]} Bxc5 {[%clk 1:32:11]} 7. e3 {[%clk 1:29:59]} Bb7
{[%clk 1:31:44]} 8. Be2 {[%clk 1:30:15]} O-O {[%clk 1:31:58]} 9. O-O
{[%clk 1:30:28]} Be7 {[%clk 1:32:21]} 10. Rd1 {[%clk 1:29:35]} d6
{[%clk 1:32:35]} 11. Qc2 {[%clk 1:27:04]} a6 {[%clk 1:32:39]} 12. e4
{[%clk 1:25:28]} Qc7 {[%clk 1:33:00]} 13. Bf4 {[%clk 1:22:20]} Nbd7
{[%clk 1:33:11]} 14. b4 {[%clk 1:17:30]} Ne5 {[%clk 1:28:22]} 15. Nd2
{[%clk 1:10:13]} Rac8 {[%clk 1:27:13]} 16. Qb2 {[%clk 1:06:22]} Ned7
{[%clk 1:07:54]} 17. Rac1 {[%clk 1:05:26]} Qb8 {[%clk 1:05:10]} 18. a3
{[%clk 1:01:19]} Rfe8 {[%clk 1:04:06]} 19. h3 {[%clk 0:58:44]} h6
{[%clk 0:54:27]} 20. Qb1 {[%clk 0:48:34]} Qa8 {[%clk 0:53:30]} 21. Be3
{[%clk 0:45:41]} d5 {[%clk 0:52:20]} 22. cxd5 {[%clk 0:45:12]} exd5
{[%clk 0:52:44]} 23. exd5 {[%clk 0:42:52]} Rxc3 {[%clk 0:52:19]} 24. Rxc3
{[%clk 0:41:46]} Nxd5 {[%clk 0:52:44]} 25. Rd3 {[%clk 0:36:30]} Ne5
{[%clk 0:51:07]} 26. Rb3 {[%clk 0:25:25]} Nxe3 {[%clk 0:49:48]} 27. Rxe3
{[%clk 0:25:01]} Bg5 {[%clk 0:50:06]} 28. Rg3 {[%clk 0:16:57]} Bf4
{[%clk 0:47:50]} 29. Rc3 {[%clk 0:16:06]} Bxg2 {[%clk 0:46:20]} 30. Qf5
{[%clk 0:10:17]} g5 {[%clk 0:37:06]} 31. f3 {[%clk 0:05:46]} Qb8 {[%clk 0:23:47]}
32. Kxg2 {[%clk 0:04:46]} Ng6 {[%clk 0:24:10]} 33. Ne4 {[%clk 0:03:11]} Nh4+
{[%clk 0:24:33]} 34. Kf2 {[%clk 0:03:08]} Nxf5 {[%clk 0:23:26]} 35. Nf6+
{[%clk 0:03:14]} Kg7 {[%clk 0:23:06]} 36. Ne4 {[%clk 0:01:12]} Be3+
{[%clk 0:22:28]} 37. Kg2 {[%clk 0:00:51]} Nh4+ {[%clk 0:22:20]} 38. Kh1
{[%clk 0:01:02]} Rxe4 {[%clk 0:22:32]} 39. fxe4 {[%clk 0:00:57]} Qg3
{[%clk 0:22:57]} 0-1

[Event "World Chess Olympiad 2018"]
[Site "Batumi"]
[Date "2018.10.03"]
[Round "9"]
[Board "4"]
[WhiteFideId "11101660"]
[White "Prescod Bryan"]
[BlackFideId "10801839"]
[Black "Abera Aydagnuhem Gezachew"]
[Result "1/2-1/2"]
[LiveChessVersion "1.4.8"]
[BlackElo "2116"]
[WhiteElo "2039"]

1. d4 {[%clk 1:29:26]} Nf6 {[%clk 1:30:50]} 2. Bf4 {[%clk 1:29:43]} d5
{[%clk 1:30:50]} 3. e3 {[%clk 1:30:04]} Bf5 {[%clk 1:30:29]} 4. c4
{[%clk 1:30:18]} e6 {[%clk 1:30:30]} 5. Qb3 {[%clk 1:29:45]} Qc8 {[%clk 1:29:05]}
6. Nc3 {[%clk 1:29:04]} c6 {[%clk 1:27:35]} 7. cxd5 {[%clk 1:17:21]} exd5
{[%clk 1:26:45]} 8. Rc1 {[%clk 1:17:25]} Qd7 {[%clk 1:23:55]} 9. Nf3
{[%clk 1:16:59]} Be7 {[%clk 1:18:54]} 10. Nb5 {[%clk 1:03:59]} Na6
{[%clk 1:11:00]} 11. Nc7+ {[%clk 1:01:30]} Nxc7 {[%clk 1:03:44]} 12. Qxb7
{[%clk 1:01:50]} Rc8 {[%clk 1:03:12]} 13. Ne5 {[%clk 1:02:07]} Qe6
{[%clk 0:52:12]} 14. Rxc6 {[%clk 1:00:46]} Bd6 {[%clk 0:51:12]} 15. Nxf7
{[%clk 0:59:29]} Bb4+ {[%clk 0:46:17]} 16. Kd1 {[%clk 0:54:00]} Qxf7
{[%clk 0:38:48]} 17. Qxb4 {[%clk 0:53:13]} Ne4 {[%clk 0:35:49]} 18. Ke1
{[%clk 0:16:27]} Qd7 {[%clk 0:31:21]} 19. Qb7 {[%clk 0:03:37]} Na8
{[%clk 0:21:41]} 20. Rxc8+ {[%clk 0:01:39]} Qxc8 {[%clk 0:21:58]} 21. Bb5+
{[%clk 0:00:59]} Kf8 {[%clk 0:22:02]} 22. Qxc8+ {[%clk 0:01:08]} Bxc8
{[%clk 0:22:20]} 23. f3 {[%clk 0:01:26]} Nf6 {[%clk 0:21:43]} 24. Kd2
{[%clk 0:01:35]} Ke7 {[%clk 0:20:57]} 25. Rc1 {[%clk 0:00:48]} Bd7
{[%clk 0:20:46]} 26. Ba6 {[%clk 0:00:52]} Rd8 {[%clk 0:15:57]} 27. g4
{[%clk 0:00:51]} Ke6 {[%clk 0:13:03]} 28. Be5 {[%clk 0:00:59]} Ne8
{[%clk 0:11:29]} 29. Bd3 {[%clk 0:00:47]} g6 {[%clk 0:10:50]} 30. h4
{[%clk 0:00:38]} Rc8 {[%clk 0:10:44]} 31. Rh1 {[%clk 0:01:07]} Nd6
{[%clk 0:09:39]} 32. h5 {[%clk 0:01:07]} Nc4+ {[%clk 0:07:54]} 33. Bxc4
{[%clk 0:01:04]} dxc4 {[%clk 0:07:06]} 34. hxg6 {[%clk 0:01:22]} hxg6
{[%clk 0:07:02]} 35. Rh7 {[%clk 0:00:57]} Nb6 {[%clk 0:02:58]} 36. e4
{[%clk 0:01:02]} c3+ {[%clk 0:02:10]} 37. bxc3 {[%clk 0:00:41]} Nc4+
{[%clk 0:02:16]} 38. Kd3 {[%clk 0:00:41]} Nxe5+ {[%clk 0:02:11]} 39. dxe5
{[%clk 0:00:54]} Bb5+ {[%clk 0:01:57]} 40. Kd2 {[%clk 0:30:56]} Kxe5
{[%clk 0:30:52]} 41. Rxa7 {[%clk 0:30:05]} Rd8+ {[%clk 0:25:45]} 42. Ke3
{[%clk 0:25:14]} Rd3+ {[%clk 0:24:08]} 43. Kf2 {[%clk 0:25:34]} Bc4
{[%clk 0:23:12]} 44. Kg3 {[%clk 0:24:42]} g5 {[%clk 0:20:53]} 45. Ra5+
{[%clk 0:22:51]} Kf6 {[%clk 0:20:31]} 46. a4 {[%clk 0:22:54]} Rd2
{[%clk 0:16:19]} 47. Rc5 {[%clk 0:20:30]} 1/2-1/2

[Event "World Chess Olympiad 2018"]
[Site "Batumi"]
[Date "2018.10.03"]
[Round "9"]
[Board "1"]
[WhiteFideId "21500150"]
[White "Al Ghamdi Ahmed M"]
[BlackFideId "8102368"]
[Black "Moayed Obied"]
[Result "0-1"]
[LiveChessVersion "1.4.8"]
[BlackElo "2125"]
[WhiteElo "2126"]

1. e4 {[%clk 1:30:44]} c5 {[%clk 1:30:53]} 2. Nf3 {[%clk 1:30:58]} g6
{[%clk 1:31:03]} 3. d4 {[%clk 1:30:36]} cxd4 {[%clk 1:31:21]} 4. Qxd4
{[%clk 1:30:23]} Nf6 {[%clk 1:31:45]} 5. Qa4 {[%clk 1:29:23]} Nc6
{[%clk 1:29:39]} 6. Nc3 {[%clk 1:29:10]} d6 {[%clk 1:22:00]} 7. e5
{[%clk 1:28:16]} dxe5 {[%clk 1:10:11]} 8. Nxe5 {[%clk 1:28:21]} Bd7
{[%clk 1:09:18]} 9. Nxd7 {[%clk 1:26:55]} Qxd7 {[%clk 1:09:29]} 10. Bb5
{[%clk 1:11:22]} Bg7 {[%clk 1:07:53]} 11. O-O {[%clk 1:04:31]} O-O
{[%clk 1:07:48]} 12. Rd1 {[%clk 1:03:06]} Qf5 {[%clk 1:01:21]} 13. Bd3
{[%clk 0:56:32]} Qh5 {[%clk 0:59:05]} 14. Be2 {[%clk 0:52:30]} Qf5
{[%clk 0:58:53]} 15. Be3 {[%clk 0:49:00]} a6 {[%clk 0:32:42]} 16. Bb6
{[%clk 0:37:53]} Nd7 {[%clk 0:22:41]} 17. Be3 {[%clk 0:37:42]} Bxc3
{[%clk 0:15:32]} 18. bxc3 {[%clk 0:37:20]} Nc5 {[%clk 0:15:49]} 19. Qc4
{[%clk 0:32:28]} Ne6 {[%clk 0:13:59]} 20. Rd2 {[%clk 0:17:27]} Rad8
{[%clk 0:11:21]} 21. Rad1 {[%clk 0:17:23]} Qa5 {[%clk 0:10:14]} 22. Rd5
{[%clk 0:12:45]} Rxd5 {[%clk 0:08:18]} 23. Rxd5 {[%clk 0:11:48]} Qc7
{[%clk 0:08:09]} 24. Bg4 {[%clk 0:10:20]} b5 {[%clk 0:05:50]} 25. Qe4
{[%clk 0:09:34]} Ncd8 {[%clk 0:05:59]} 26. Qd3 {[%clk 0:05:06]} Nf4
{[%clk 0:05:38]} 27. Bxf4 {[%clk 0:05:21]} Qxf4 {[%clk 0:06:03]} 28. Rxd8
{[%clk 0:04:29]} Qxg4 {[%clk 0:06:06]} 29. Qd4 {[%clk 0:03:48]} Qxd4
{[%clk 0:05:46]} 30. Rxf8+ {[%clk 0:04:10]} Kxf8 {[%clk 0:06:14]} 31. cxd4
{[%clk 0:04:29]} Ke8 {[%clk 0:05:21]} 32. Kf1 {[%clk 0:04:12]} Kd7
{[%clk 0:02:58]} 33. Ke2 {[%clk 0:04:29]} Kd6 {[%clk 0:03:27]} 34. Kd3
{[%clk 0:04:38]} Kd5 {[%clk 0:03:55]} 35. c3 {[%clk 0:03:33]} a5 {[%clk 0:03:33]}
36. f4 {[%clk 0:01:59]} a4 {[%clk 0:03:53]} 37. g4 {[%clk 0:01:12]} h6
{[%clk 0:02:47]} 38. a3 {[%clk 0:01:05]} h5 {[%clk 0:01:57]} 39. g5
{[%clk 0:00:46]} h4 {[%clk 0:02:09]} 40. h3 {[%clk 0:30:57]} e6 {[%clk 0:32:27]}
0-1